000 01117nam a2200289Ia 4500
003 OSt
005 20221005110048.0
006 a|||||r|||| 00| 0
007 ta
008 221004b |||||||| |||| 00| 0 pan d
020 _a8172013213 (pbk)
_c75
024 _a92180
037 _b524, 19/03/2009, Vani Prakashan
_cTextual
040 _aCRL
_cCRL
_bpan
041 _2pan
_apan
082 _aO153,3M97w, 152N2
100 _aसेखों, संत सिंह
245 0 _aनानक सिंह
246 _aNānak sianha
260 _aनई दिल्ली
_bसाहित्य अकादेमी भारत
_c1992
300 _a111पृ0
_ccm.
490 _aभारतीय साहित्य के निर्माता
650 _aपंजाबी निबंध
700 _a जग्गी, रत्न सिंह, अनु.
942 _hO153,3M97w, 152N2
_cTEXL
_2cc
999 _c1017667
_d1017667